| 000 | 00776nam a22001577a 4500 | ||
|---|---|---|---|
| 003 | OSt | ||
| 005 | 20150930152801.0 | ||
| 008 | 150930b xxu||||| |||| 00| 0 eng d | ||
| 040 | _cRUA | ||
| 082 | _aAGR SRE 2008 B063 Or.1 | ||
| 100 |
_91616 _aSRENG, SOPHEAK. |
||
| 245 | _aEffect des chaux sur le pH du sol et le redement de la tomate a la station experimentale de l'universite royale d'agriculture, ឥទ្ធិពលកំបោរទៅលើ ប៉េហាសដី និងទិន្នផលប៉េងប៉ោះនៅស្ថានីយ៍ពិសោធន៍ដំណាំនៃសាកលវិទ្យាល័យភូមិន្ទកសិកម្ម | ||
| 260 |
_aPhnom Penh _bill. _c29cm. |
||
| 300 |
_aiv; 50p. _bill. _c29cm. |
||
| 942 |
_2ddc _cAGR |
||
| 999 |
_c1526 _d1526 |
||